| 000 | 003690000a22001570004500 | ||
|---|---|---|---|
| 003 | LK-CoMWRAF | ||
| 008 | 230817t ||||| |||| 00| 0 eng d | ||
| 040 |
_aLK-CoMWRAF _dLK-CoMWRAF _eLK-CoMWRAF |
||
| 041 | _aeng | ||
| 082 |
_a021 _bNEE |
||
| 100 | _aNeelambaran,Gauthama | ||
| 245 |
_aPaandiyan Ula _b |
||
| 260 |
_aIndia _bGangai _c1994 |
||
| 300 | _ap.450 | ||
| 942 | _cBK | ||
| 999 |
_c494 _d494 |
||